|
|
|
|
| LEADER |
01703cas a2200241 a 4500 |
| 001 |
AALejournalIMF006512 |
| 008 |
230101c9999 xx r poo 0 0eng d |
| 020 |
|
|
|c 5.00 USD
|
| 020 |
|
|
|z 9781455207916
|
| 022 |
|
|
|a 1934-7685
|
| 040 |
|
|
|a BD-DhAAL
|c BD-DhAAL
|
| 110 |
2 |
|
|a International Monetary Fund.
|
| 245 |
1 |
0 |
|a Montenegro :
|b 2010 Article IV Consultation-Staff Report; Public Information Notice on the Executive Board Discussion; and Statement by the Executive Director for Montenegro.
|
| 264 |
|
1 |
|a Washington, D.C. :
|b International Monetary Fund,
|c 2010.
|
| 300 |
|
|
|a 1 online resource (75 pages)
|
| 490 |
1 |
|
|a IMF Staff Country Reports
|
| 500 |
|
|
|a <strong>Off-Campus Access:</strong> No User ID or Password Required
|
| 500 |
|
|
|a <strong>On-Campus Access:</strong> No User ID or Password Required
|
| 506 |
|
|
|a Electronic access restricted to authorized BRAC University faculty, staff and students
|
| 520 |
3 |
|
|a This 2010 Article IV Consultation highlights that Montenegro has been hard hit by the global financial crisis. Contagion and concerns about the robustness of the banking system have triggered large deposit withdrawals and a credit crunch. Moreover, the unwinding of the real estate boom has generated strong negative wealth effects that depressed demand. The authorities have taken wide-ranging measures to stabilize the financial system and rekindle lending activity. Foreign parents have also stepped in with substantial liquidity infusion.
|
| 538 |
|
|
|a Mode of access: Internet
|
| 830 |
|
0 |
|a IMF Staff Country Reports; Country Report ;
|v No. 2010/155
|
| 856 |
4 |
0 |
|z Full text available on IMF
|u http://elibrary.imf.org/view/journals/002/2010/155/002.2010.issue-155-en.xml
|z IMF e-Library
|